TV Show by Actor Match Quiz Stats

 Plays Quiz Updated Oct 5, 2013

Support Sporcle.
Go Orange.
Score 0/30 Timer 05:00
1 Play Today
% Correct
Hell's Kitchen
91.1%
Cougar Town
89.8%
30 Rock
87.5%
Desperate Housewives
87.3%
New Girl
86.3%
Modern Family
86%
American Idol
85.6%
Family Guy
83.3%
Mike and Molly
81.9%
The Big Bang Theory
81.9%
Parks and Recreation
80.6%
How I Met Your Mother
78%
Glee
75.3%
Two and a Half Men
74.2%
Downton Abbey
72.8%
% Correct
NCIS
71.1%
America's Got Talent
70.7%
Survivor
68.6%
Grey's Anatomy
66%
Mad Men
64.5%
Dancing with the Stars
62.1%
Community
61.4%
The Middle
60.6%
Castle
60.1%
Hawaii Five-O
53.6%
Parenthood
51.7%
Psych
50%
The Bachelor
49.8%
The Biggest Loser
45.8%
The Millionaire Matchmaker
41.9%

From the Vault

Camping Items

by johncenafan612

We really, really hope you can do this quiz if you plan to go camping this weekend.
Remove Ads.
Support Sporcle.
Get the best of Sporcle when you Go Orange. This ad-free experience offers more features, more stats, and more fun while also helping to support Sporcle. Thank you for becoming a member.

Show Comments

Extras

Top Quizzes Today


Score Distribution

Your Account Isn't Verified!

In order to create a playlist on Sporcle, you need to verify the email address you used during registration. Go to your Sporcle Settings to finish the process.

Report this User

Report this user for behavior that violates our Community Guidelines.

Details: